000 01343 a2200301 4500
999 _c11219
_d11219
020 _a076680593X
050 0 0 _aRA418
_bLUC 2000
100 1 _aLuckmann, Joan.
_eauthor
245 1 0 _aTranscultural communication in health care /
_cJoan Luckmann ; contributing author, Sylvia Tindell Nobles.
264 _aAustrallia:
_bDelmar,
_c2000
300 _axvi, 320 pages
_billustrations
336 _2rdacontent
_atext
_btxt
337 _2rdamedia
_aunmediated
_bn
338 _2rdacarrier
_avolume
_bnc
504 _aIncludes bibliographical references (p. 299-312) and index.
650 0 _aTranscultural medical care.
650 1 2 _aHealth Personnel.
650 2 2 _aCommunication.
650 2 2 _aCross-Cultural Comparison.
650 2 2 _aProfessional-Patient Relations.
700 1 _aNobles, Sylvia Tindell.
_dauthor
856 4 2 _3Contributor biographical information
_uhttp://www.loc.gov/catdir/enhancements/fy1103/99040689-b.html
856 4 2 _3Publisher description
_uhttp://www.loc.gov/catdir/enhancements/fy1103/99040689-d.html
856 4 1 _3Table of contents only
_uhttp://www.loc.gov/catdir/enhancements/fy1103/99040689-t.html
942 _2lcc
_cBK
_h418
_iLUC
_kRA